000 00361nam a2200145Ia 4500
008 221030s9999 xx 000 0 und d
020 _a8120347427
041 _aEnglish
100 _aS. C. Das
245 0 _aBusiness Accounting & Financial Management
_cby S. C. Das
260 _bPHI
_aNew Delhi
_c2015
300 _a907
650 _aManagement
942 _cBK
999 _c16005
_d16005